Tramvají a trolejbusem ulicemi Opavy : vývoj tratí, linek a vozového parku elektrické pouliční dráhy a trolejbusů v Opavě : 1905 - 1998 /

Hlavní autor: Langer, Petr
Další autoři: Pazdera, Roman, Wolf, Vojtěch, -2002
Jazyk: Čeština
Vydáno: Ústí nad Labem : Wolf, 1998
Vydání: 1. vyd.
Témata:
Fyzický popis: 51 s. : il., mapa ; 21 cm
Knihy
Uloženo v:
LEADER 01013nam a2200253 a 4500
001 000118346
003 CZ BrMZK
008 990310s1998 xr f cze d
040 |a BOA001  |b cze 
080 |a 621.335.43(437.2)(091)  |2 MRF 
080 |a 625.46(437.2)(091)  |2 MRF 
080 |a 656.132.6(437.2)(091)  |2 MRF 
100 1 |a Langer, Petr  |4 aut 
245 1 0 |a Tramvají a trolejbusem ulicemi Opavy :  |b vývoj tratí, linek a vozového parku elektrické pouliční dráhy a trolejbusů v Opavě : 1905 - 1998 /  |c [Petr Langer, Roman Pazdera, Vojtěch Wolf] 
250 |a 1. vyd. 
260 |a Ústí nad Labem :  |b Wolf,  |c 1998 
300 |a 51 s. :  |b il., mapa ;  |c 21 cm 
500 |a Vyd. jako speciál časopisu Městská doprava (č. 4/98) 
653 0 |a tramvaje  |a trolejbusy 
700 1 |a Pazdera, Roman  |4 aut 
700 1 |a Wolf, Vojtěch,  |d -2002  |7 mzk2006337021  |4 aut 
910 |a BOA001  |b TK-0264.679 
990 |a BK 
996 7 |b 2620013922  |c TK-0264.679  |l MZK  |r Sklad / do 24 hodin  |n 15  |p kup  |w 000118346  |u 000010  |a 1  |e BOA001  |j MZK50  |s A